| 000 | 00449pab a2200157 454500 | ||
|---|---|---|---|
| 008 | 180718b1998 xxu||||| |||| 00| 0 eng d | ||
| 100 | _aSmith, B.C. | ||
| 245 | _aA theory of metropolitan government and England's conurbations | ||
| 260 | _c1998 | ||
| 300 | _ap.289-304 | ||
| 362 | _aJun | ||
| 650 | _aLocal government - Great Britain | ||
| 650 | _aLocal government | ||
| 773 | _aInternational Review of Administrative Sciences | ||
| 909 | _a38746 | ||
| 999 |
_c38746 _d38746 |
||